| 000 | 00874nam a2200229Ia 4500 | ||
|---|---|---|---|
| 001 | 10675 | ||
| 003 | GE_BSU | ||
| 008 | 181216s||||||||xx |||||||||||||| ||und|| | ||
| 040 | _cGE_BSU | ||
| 080 | _a821.353.1-1 | ||
| 100 | _aფურცხვანიძე,ნუგზარ | ||
| 245 | _aგრძელდება წამი. | ||
| 245 | _bლექსები. | ||
| 245 | _cწინასიტყვ.ავტ.ა.ყურაშვილი.რედ.თეიმურაზ ლანჩავა;მხატვ.ოთარ ქანდარია. | ||
| 260 | _aქუთაისი. | ||
| 260 | _bსაბჭ.საქართველო,ქუთაისის ფილიალი. | ||
| 260 | _c1980. | ||
| 300 | _a51გვ;16სმ. | ||
| 300 | _eპორტრ. | ||
| 653 | _aგრძელდება წამი. | ||
| 942 | _cBK | ||
| 999 |
_c43926 _d43926 |
||